| 000 | 01615nam a22004337a 4500 | ||
|---|---|---|---|
| 003 | CHAP | ||
| 005 | 20220329143250.0 | ||
| 008 | 071112s2007 mx a r 00010 spa d | ||
| 010 | _a94164 | ||
| 011 | _a95136 | ||
| 035 | _a105743 | ||
| 040 | _cCHAP | ||
| 090 | _aTesis | ||
| 100 | 1 |
_aFlores Ramírez, Juan. _941692 |
|
| 245 | 1 | 0 |
_aPruebas a un prototipo de una sembradora versátil para operar en camas permanentes _c/por Juan Flores Ramírez |
| 260 |
_aChapingo, Méx. : _bEl autor, _c2007 |
||
| 300 |
_a78 h. : _bilus. ; gráfs. ; cuadros |
||
| 502 | _aTesis (Ing. Mecánico Agrícola) -- UACH. Departamento de Ingeniería Mecánica Agrícola | ||
| 530 | _aTambién disponible en línea | ||
| 590 |
_aALEPH _b10 _c20130110 _lUCH01 _h1520 |
||
| 590 |
_aBATCH-UPD _b10 _c20130110 _lUCH01 _h0623 |
||
| 590 |
_aBATCH-UPD _b10 _c20130410 _lUCH01 _h0306 |
||
| 590 |
_aBATCH-UPD _b10 _c20130914 _lUCH01 _h1419 |
||
| 590 |
_aBATCH-UPD _b10 _c20140324 _lUCH01 _h1505 |
||
| 590 |
_aBATCH-UPD _b10 _c20141002 _lUCH01 _h0835 |
||
| 590 |
_aCONVERSION _b10 _c20130109 _lUCH01 _h1352 |
||
| 650 | 1 | 4 |
_aLabranza. _964303 |
| 650 | 1 | 4 |
_aMaíz _xRendimiento. _971051 |
| 650 | 1 | 4 |
_aMaquinaria agrícola. _971151 |
| 650 | 1 | 4 |
_aSembradoras. _9103854 |
| 650 | 1 | 4 |
_aSiembra directa. _9105840 |
| 650 | 1 | 4 |
_aTrigo _xRendimiento. _9115092 |
| 856 |
_3Finding aid _uhttp://10.13.5.2/tesis/105743.pdf _zTeclea aqui |
||
| 901 | _aBK | ||
| 905 | _aElisama A. H. | ||
| 942 | _cFOLL | ||
| 949 |
_aTesis _bBC _cTES _d33724002034876 _eTS2 _fc.2 _gDonaciØn _h47230 _i105743 _sb |
||
| 949 |
_aTesis _bBC _cTES _d33724002034991 _eTS1 _gDonaciØn _h47229 _i105743 _sb |
||
| 999 |
_c94164 _d94164 |
||